LEADER 00674nam0-22002651i-450- 001 990003336990403321 005 20030916125403.0 035 $a000333699 035 $aFED01000333699 035 $a(Aleph)000333699FED01 035 $a000333699 100 $a20030910d1983----km-y0itay50------ba 101 0 $aeng 105 $ay-------001yy 200 1 $aW.B. yeats$fA. Martin 210 $aHong Kong$cGill & MacMillan$d1983 676 $a821.9 700 1$aMartin,$bA.$0347616 801 0$aIT$bUNINA$gRICA$2UNIMARC 901 $aBK 912 $a990003336990403321 952 $a821.9 MAR$bLINGUE 52$fDECLI 959 $aDECLI 996 $aW.B. yeats$9448332 997 $aUNINA LEADER 01260nam 2200385 450 001 9910798632403321 005 20230807212927.0 010 $a2-335-16946-7 035 $a(CKB)3710000000858350 035 $a(MiAaPQ)EBC4679048 035 $a(Au-PeEL)EBL4679048 035 $a(CaPaEBR)ebr11265852 035 $a(OCoLC)958560666 035 $a(EXLCZ)993710000000858350 100 $a20200122d2015 uy 0 101 0 $afre 135 $aurcnu|||||||| 181 $ctxt$2rdacontent 182 $cc$2rdamedia 183 $acr$2rdacarrier 200 10$aE?tude sur la philosophie en France au XIXe sie?cle $ele socialisme et le positivisme - Saint-Simon, Charles Fourier, Pierre Leroux, Jean Reynaud, Gall, Broussais, Auguste Comte, Proudhon, etc /$fMarin Ferraz 210 1$a[Place of publication not identified] :$cLigaran,$d[2015] 210 4$dİ2015 215 $a1 online resource (242 pages) 606 $aSocialism$zFrance 615 0$aSocialism 676 $a335.00944 700 $aFerraz$b Marin$f1820-1898,$01497452 801 0$bMiAaPQ 801 1$bMiAaPQ 801 2$bMiAaPQ 906 $aBOOK 912 $a9910798632403321 996 $aE?tude sur la philosophie en France au XIXe sie?cle$93722563 997 $aUNINA LEADER 03379nam 22006495 450 001 9910745587603321 005 20251113195829.0 010 $a981-9959-29-2 024 7 $a10.1007/978-981-99-5929-7 035 $a(CKB)5670000000770224 035 $a(DE-He213)978-981-99-5929-7 035 $a(PPN)272741531 035 $a(MiAaPQ)EBC30882943 035 $a(Au-PeEL)EBL30882943 035 $a(OCoLC)1420640803 035 $a(ODN)ODN0010137839 035 $a(EXLCZ)995670000000770224 100 $a20230912d2024 u| 0 101 0 $aeng 135 $aurnn|008mamaa 181 $ctxt$2rdacontent 182 $cc$2rdamedia 183 $acr$2rdacarrier 200 10$aAdaptive Dynamic Programming $eFor Chemotherapy Drug Delivery /$fby Jiayue Sun, Shun Xu, Yang Liu, Huaguang Zhang 205 $a1st ed. 2024. 210 1$aSingapore :$cSpringer Nature Singapore :$cImprint: Springer,$d2024. 215 $a1 online resource (XV, 135 p. 40 illus., 38 illus. in color.) 225 1 $aIntelligent Technologies and Robotics Series 311 08$a981-9959-28-4 327 $aPreface -- Acknowledgements -- Chapter1 Introduction -- Chapter 2 Neural Networks-Based Immune Optimization Regulation Using Adaptive Dynamic Programming -- Chapter 3 Optimal Regulation Strategy for Nonzero-Sum Games of the Immune System Using Adaptive Dynamic Programming -- Chapter 4 Evolutionary Dynamics Optimal Research-Oriented Tumor Immunity Architecture -- Chapter 5 N-Level Hierarchy-Based Optimal Control to Develop Therapeutic Strategies for Ecological Evolutionary Dynamics Systems -- Chapter 6 Combination Therapy-Based Adaptive Control for Organism Using Medicine Dosage Regulation Mechanism.-Chapter 7 Adaptive Virotherapy Strategy for Organism with Constrained Input Using Medicine Dosage Regulation Mechanism -- References. 330 $aThis open access book focuses on the practical application of Adaptive Dynamic Programming (ADP) in chemotherapy drug delivery, taking into account clinical variables and real-time data. ADP's ability to adapt to changing conditions and make optimal decisions in complex and uncertain situations makes it a valuable tool in addressing pressing challenges in healthcare and other fields. As optimization technology evolves, we can expect to see even more sophisticated and powerful solutions emerge. 410 0$aIntelligent Technologies and Robotics Series 606 $aAutomatic control 606 $aRobotics 606 $aAutomation 606 $aDrug delivery systems 606 $aControl, Robotics, Automation 606 $aDrug Delivery 615 0$aAutomatic control. 615 0$aRobotics. 615 0$aAutomation. 615 0$aDrug delivery systems. 615 14$aControl, Robotics, Automation. 615 24$aDrug Delivery. 676 $a629.8 686 $aSCI010000$aTEC004000$2bisacsh 700 $aSun$b Jiayue$4aut$4http://id.loc.gov/vocabulary/relators/aut$01429656 702 $aXu$b Shun$4aut$4http://id.loc.gov/vocabulary/relators/aut 702 $aLiu$b Yang$4aut$4http://id.loc.gov/vocabulary/relators/aut 702 $aZhang$b Huaguang$4aut$4http://id.loc.gov/vocabulary/relators/aut 801 0$bMiAaPQ 801 1$bMiAaPQ 801 2$bMiAaPQ 906 $aBOOK 912 $a9910745587603321 996 $aAdaptive Dynamic Programming$93568822 997 $aUNINA